Perak state laws 2604(1944) : A review & commentary
| Main Author: | |
|---|---|
| Format: | Book |
| Published: |
Kuala Lumpur :
Malaysia Law Journal Sdn Bhd. ,
1982
|
| Subjects: |
MARC
| LEADER | 00000cam a2200000 7i4500 | ||
|---|---|---|---|
| 001 | 0000014999 | ||
| 005 | 20050701.0 | ||
| 040 | |a INS | ||
| 090 | 0 | 0 | |a KF4595. |b S588 1982 |
| 100 | 1 | |a Sim Ewe Eong | |
| 245 | 1 | 0 | |a Perak state laws 2604(1944) : |b A review & commentary |c Sim Ewe Eong |
| 260 | |a Kuala Lumpur : |b Malaysia Law Journal Sdn Bhd. , |c 1982 | ||
| 300 | |a viiip : |b 48p ; |c 21cm. | ||
| 650 | 0 | 0 | |a Local government |z Malaysia |
| 999 | |a 0000003297 |b BOOK |c Open Shelf |e Default branch | ||